000 01761cam a22004457a 4500
999 _c50562
_d50562
001 16131390
005 20200226113818.0
008 100311s2010 njua 001 0 eng d
010 _a 2010924590
015 _aGBB021824
_2bnb
016 7 _a015483510
_2Uk
020 _a9780470551745 (pbk.)
020 _a0470551747 (pbk.)
035 _a(OCoLC)ocn460062342
040 _aBTCTA
_beng
_cBTCTA
_dYDXCP
_dDPL
_dILC
_dUKM
_dZPX
_dABG
_dDMJ
_dVP@
_dUKMGB
_dBDX
_dJN4
_dDLC
041 _aeng
042 _alccopycat
050 0 0 _aRB155
_b.R66 2010
080 _a575 R-67
082 0 4 _a576.5
_222
100 1 _aRobinson, T. R.
_q(Tara Rodden)
_97465
245 1 0 _aGenetics for dummies /
_cby Tara Rodden Robinson.
250 _a2nd ed.
264 _aHoboken, NJ :
_bWiley Pub.,
_cc2010.
300 _axvi, 366 p. :
_bill. ;
_c24 cm.
490 0 _a--For dummies
500 _aPrevious ed.: 2005.
500 _aIncludes index.
520 _aA practical guide that gets you up to speed on all the fundamentals and the most recent discoveries in genetics, in easy-to-understand terms. You'll see how people are applying genetic science to fight disease, develop new products, solve crimes-- and even clone cats!
650 0 _aGenetics
_vHandbooks, manuals, etc.
_97466
650 0 _aMedical genetics
_vHandbooks, manuals, etc.
_97467
650 0 _aHuman genetics
_vHandbooks, manuals, etc.
_97468
650 1 2 _aGenetics
_vPopular Works.
_97469
650 1 2 _aGenetic Phenomena
_vPopular Works.
_97470
650 2 2 _aGenetics, Medical
_vPopular Works.
_97471
653 _aგენეტიკა
906 _a7
_bcbc
_ccopycat
_d2
_eepcn
_f20
_gy-gencatlg
942 _2udc
_cBK
955 _apc14 2010-03-11
_axh00 2010-08-17 to USPL/STM
_bxh58 2012-04-13 z-processor